00545nam a2200169Ia 4500008004100000020001800041041000800059082001600067100001500083245003100098250000600129260005100135300001500186650002500201999001900226952013000245210716s2010 xx 000 0 und d a9788122414509 aeng a004.69 XAVC aXavier, C. aWeb technology and design. a1 aNew DelhibNew Age International Pvt Ltdc2010 ax,377/2020 aInternet / Mutimedia c197419d197419 001040708MCAaAIMITbAIMITeKnowledge Worldg375.00l0o004.69 XAVCpMCA16955r2025-07-21 00:00:00v281.25w2021-07-16yBK